000
00300nam a2200121Ia 4500
008
240624s9999 xx 000 0 und d
041
_a
eng
082
_a
900 GUH
100
_a
GUHA RANAJIT
245
_a
SUBALTERN STUDIES III
260
_c
2007
_a
New Delhi
_b
Oxford
300
_a
x, : 327 : p. : cm. ; 21
999
_c
21555
_d
21555